000 00265nam a2200109Ia 4500
008 190216s9999||||xx |||||||||||||| ||und||
100 _aChakravorty
245 0 _aOutline Of Political Science
260 _bThe World Press Pvt Ltd
650 _aPolitics
942 _cBK
999 _c34786
_d34786